000
00223 a2200097 4500
001
31978
100
_a
Douglas J F
245
_a
Solving Problems in Fluid Mechanics
260
_a
N.Y
_b
Longman
_c
1989
090
_c
21494
_d
21494
942
_a
NUST-CAE
_c
M
_c
12774
999
_c
267051
_d
267051